00463nam a2200157Ia 4500999001700000003000400017005001700021008004100038040000900079082001900088100002200107245006500129260005800194300000900252942004400261 c19254d19254OSt20200616115600.0190216s9999||||xx |||||||||||||| ||und|| coclc a309.154bASH/L aAshraf, K M92967 0aLife And Conditions Of The People Of Hindustan /cK M Ashraf bMunshiram Manoharlal Pub Pvt Ltd,c1970.aNew Delhi: a312p cBK2ddch309.154iASH/Lk309.154mASH/L